[Event "Arber op Seniors 3rd"]
[Site "Bayerisch Eisenstein"]
[Date "2015.08.06"]
[Round "6"]
[White "Svoboda, Jaroslav"]
[Black "Conitz, Helmut"]
[Result "0-1"]
[WhiteElo "1850"]
[BlackElo "1590"]
[PlyCount "80"]
[EventDate "2015.08.01"]
[EventType "swiss"]
[EventRounds "9"]
[EventCountry "GER"]
[SourceTitle "EXT 2016"]
[Source "ChessBase"]
[SourceDate "2015.10.08"]
[SourceVersion "1"]
[SourceVersionDate "2015.10.08"]
[SourceQuality "1"]

1. d4 d5 2. Nf3 Nc6 3. h3 h6 4. Bf4 Bf5 5. e3 a6 6. Nbd2 e6 7. c4 Bd6 8. Bxd6 cxd6 9. cxd5 exd5 10. Qb3 Qd7 11. Qxd5 Be6 12. Qe4 Nf6 13. Qb1 0-0 14. a3 Rfc8 15. b4 b5 16. Be2 Ne7 17. 0-0 Nfd5 18. Qb2 Nc3 19. Bd3 Na4 20. Qb1 Kh8 21. e4 Qa7 22. d5 Bd7 23. Qe1 Rc3 24. Bb1 Rac8 25. g3 Nb2 26. Kg2 Qc7 27. Qe2 Ng6 28. Kh2 Ne5 29. Kg2 Ned3 30. Bxd3 Nxd3 31. Kh2 Qd8 32. Rfb1 Qf6 33. Rh1 Kg8 34. g4 Qf4+ 35. Kg2 Ne5 36. Nxe5 dxe5 37. f3 Rc2 38. Rhd1 R8c3 39. Kg1 Re3 40. Qg2 Rd3 0-1

[Event "Bayern-ch Seniors op 27th"]
[Site "Bergen"]
[Date "2015.06.15"]
[Round "4"]
[White "Oser, Thor"]
[Black "Conitz, Helmut"]
[Result "1/2-1/2"]
[WhiteElo "1638"]
[BlackElo "1343"]
[PlyCount "48"]
[EventDate "2015.06.15"]
[EventType "swiss"]
[EventRounds "9"]
[EventCountry "GER"]
[SourceTitle "EXT 2019"]
[Source "ChessBase"]
[SourceDate "2018.10.10"]
[SourceVersion "1"]
[SourceVersionDate "2018.10.10"]
[SourceQuality "1"]

1. d4 d5 2. e3 Nf6 3. Bd3 g6 4. Nd2 c6 5. h3 Bg7 6. f4 e6 7. Ngf3 0-0 8. g4 Nbd7 9. Qe2 Ne8 10. h4 f6 11. g5 f5 12. h5 Kf7 13. b3 Rg8 14. Bb2 Nd6 15. 0-0-0 Ne4 16. Qg2 a5 17. a4 Rb8 18. hxg6+ hxg6 19. c4 b6 20. Rh7 Ba6 21. Ne5+ Nxe5 22. dxe5 Qe7 23. Nxe4 dxe4 24. Bf1 Rbd8 1/2-1/2

[Event "Bayern-ch Seniors op 27th"]
[Site "Bergen"]
[Date "2015.06.15"]
[Round "9"]
[White "Sandner, Josef"]
[Black "Conitz, Helmut"]
[Result "0-1"]
[WhiteElo "1507"]
[BlackElo "1343"]
[PlyCount "86"]
[EventDate "2015.06.15"]
[EventType "swiss"]
[EventRounds "9"]
[EventCountry "GER"]
[SourceTitle "EXT 2019"]
[Source "ChessBase"]
[SourceDate "2018.10.10"]
[SourceVersion "1"]
[SourceVersionDate "2018.10.10"]
[SourceQuality "1"]

1. d4 d5 2. e3 Nf6 3. f4 Bg4 4. Nf3 e6 5. Bd3 Ne4 6. 0-0 Be7 7. Qe1 0-0 8. Nbd2 f5 9. Be2 Nd7 10. g3 Bh3 11. Ne5 Bxf1 12. Qxf1 Nxd2 13. Bxd2 Rf6 14. Qg2 c6 15. c3 Qe8 16. Kf2 Nxe5 17. fxe5 Rf8 18. Rg1 Kh8 19. Ke1 Rg8 20. g4 g6 21. Qh3 Qf8 22. Bd3 Rg7 23. Be2 Qf7 24. c4 Rd8 25. b3 b6 26. Rf1 a5 27. a4 Bb4 28. Bf3 Bxd2+ 29. Kxd2 Qe7 30. Kc2 c5 31. Be2 Qc7 32. Rd1 Rf7 33. Qh4 Rc8 34. Qe1 f4 35. Bd3 fxe3 36. Qxe3 cxd4 37. Qxd4 Qc5 38. Qa1 Rf2+ 39. Kb1 Rxh2 40. cxd5 Qxd5 41. Bc2 Rh1 42. Rxh1 Qxh1+ 43. Kb2 Rxc2+ 0-1

[Event "Chiemgau Seniors Cup 3th"]
[Site "Bergen"]
[Date "2007.10.24"]
[Round "3"]
[White "Koenig, Karl"]
[Black "Conitz, Helmut"]
[Result "1-0"]
[WhiteElo "1547"]
[BlackElo "1390"]
[PlyCount "101"]
[EventDate "2007.10.22"]
[EventType "swiss"]
[EventRounds "9"]
[EventCountry "GER"]
[SourceTitle "EXT 2008"]
[Source "ChessBase"]
[SourceDate "2007.11.25"]
[SourceVersion "1"]
[SourceVersionDate "2007.11.25"]
[SourceQuality "1"]

1. Nf3 Nc6 2. d4 d5 3. c4 e6 4. e3 Bb4+ 5. Bd2 Bxd2+ 6. Qxd2 f5 7. Ne5 Nge7 8. Nxc6 Nxc6 9. Nc3 0-0 10. g3 Ne7 11. b3 c6 12. Be2 Qe8 13. h4 Rf6 14. h5 Rh6 15. 0-0-0 a6 16. Bf3 b5 17. c5 b4 18. Ne2 a5 19. Nf4 Kh8 20. Nd3 Ng8 21. Ne5 Nf6 22. g4 fxg4 23. Nxg4 Nxg4 24. Bxg4 e5 25. Bxc8 Rxc8 26. dxe5 Qxe5 27. Qd4 Rxh5 28. Qg4 Rf5 29. Rd4 Rcf8 30. Rf1 Rxf2 31. Rxf2 Qxe3+ 32. Rdd2 Re8 33. Qd4 Qh6 34. Kb2 Kg8 35. Qf4 Qg6 36. Qf5 Qxf5 37. Rxf5 h6 38. Rdf2 Re3 39. R5f3 Re4 40. Kc2 Kh7 41. Kd2 h5 42. Re2 Rg4 43. Rff2 Rg6 44. Rg2 Rxg2 45. Rxg2 h4 46. Rg4 g5 47. Rxg5 Kh6 48. Rg8 Kh5 49. Ke3 h3 50. Kf4 d4 51. Rh8+ 1-0

[Event "Bayern-ch Seniors 18th"]
[Site "Schloss Schney"]
[Date "2006.07.03"]
[Round "9"]
[White "Conitz, Helmut"]
[Black "Eckstein, Luise"]
[Result "1-0"]
[WhiteElo "1440"]
[BlackElo "1092"]
[PlyCount "107"]
[EventDate "2006.06.25"]
[EventType "swiss"]
[EventRounds "9"]
[EventCountry "GER"]
[SourceTitle "EXT 2007"]
[Source "ChessBase"]
[SourceDate "2006.11.23"]
[SourceVersion "1"]
[SourceVersionDate "2006.11.23"]
[SourceQuality "1"]

1. e4 d5 2. exd5 Nf6 3. Nc3 c6 4. dxc6 Nxc6 5. Bb5 Bd7 6. Bxc6 Bxc6 7. Nf3 e6 8. 0-0 Be7 9. d3 0-0 10. h3 Nd5 11. Bd2 Bf6 12. d4 Nxc3 13. Bxc3 Bd5 14. Ne5 Bxe5 15. dxe5 Qd7 16. f3 a6 17. Bb4 Rfe8 18. c4 Bc6 19. Qxd7 Bxd7 20. Bd6 Bc6 21. b3 b5 22. Rfe1 Red8 23. a3 Rd7 24. b4 Rad8 25. c5 Ra8 26. Rf1 Raa7 27. g4 g6 28. g5 Kg7 29. Kf2 Ra8 30. h4 h5 31. gxh6+ Kxh6 32. Rh1 Rh8 33. Rag1 Kg7 34. Rg5 Rh5 35. Kg3 Kh6 36. Kf4 Rd8 37. Rg4 Re8 38. Ke3 Bd5 39. Rd1 Bc6 40. Rdd4 Rd8 41. Rdf4 Be8 42. Be7 Rc8 43. Bg5+ Kh7 44. Bf6 Kh6 45. Rg5 Kh7 46. Rfg4 Rc6 47. Kf4 Kh6 48. Kg3 Rc8 49. Rxh5+ gxh5 50. Rg8 Ra8 51. Kf4 Rc8 52. Rh8+ Kg6 53. Bg5 Rd8 54. Bxd8 1-0

[Event "Chiemgau Seniors Cup 1st"]
[Site "Bergen"]
[Date "2005.10.11"]
[Round "1"]
[White "Conitz, Helmut"]
[Black "Ganslmayer, Herbert"]
[Result "0-1"]
[WhiteElo "1451"]
[BlackElo "2061"]
[PlyCount "60"]
[EventDate "2005.10.11"]
[EventType "swiss"]
[EventRounds "9"]
[EventCountry "GER"]
[SourceTitle "EXT 2007"]
[Source "ChessBase"]
[SourceDate "2006.11.23"]
[SourceVersion "1"]
[SourceVersionDate "2006.11.23"]
[SourceQuality "1"]

1. e4 g6 2. d4 Bg7 3. c3 d6 4. Be3 Nd7 5. Bd3 Ngf6 6. f3 0-0 7. Ne2 c5 8. 0-0 cxd4 9. Nxd4 Ne5 10. Be2 Qb6 11. Qd2 Qc7 12. Na3 Bd7 13. Rac1 a6 14. c4 Rac8 15. b3 Nc6 16. Nxc6 Bxc6 17. Bh6 Bxh6 18. Qxh6 Qb6+ 19. c5 dxc5 20. Nc4 Qc7 21. Qg5 b5 22. Ne5 h6 23. Qxh6 Qxe5 24. Rcd1 Rfd8 25. f4 Qxe4 26. Rxd8+ Rxd8 27. Rf2 Rd2 28. f5 Rxe2 29. Rf3 Qb1+ 30. Rf1 Rxg2+ 0-1

[Event "Bayern-ch Seniors 17th"]
[Site "Schloss Schney"]
[Date "2005.06.14"]
[Round "5"]
[White "Mueller, Lothar"]
[Black "Conitz, Helmut"]
[Result "0-1"]
[WhiteElo "1388"]
[BlackElo "1451"]
[PlyCount "34"]
[EventDate "2005.06.10"]
[EventType "swiss"]
[EventRounds "9"]
[EventCountry "GER"]
[SourceTitle "EXT 2006"]
[Source "ChessBase"]
[SourceDate "2005.11.24"]
[SourceVersion "1"]
[SourceVersionDate "2005.11.24"]
[SourceQuality "1"]

1. e4 e5 2. Nc3 Nf6 3. f4 Nc6 4. Nf3 d6 5. fxe5 dxe5 6. Bc4 h6 7. 0-0 Bc5+ 8. Kh1 0-0 9. Na4 Bd6 10. d4 Bg4 11. dxe5 Nxe5 12. Nxe5 Bxd1 13. Nxf7 Rxf7 14. Rxd1 Nxe4 15. Bxf7+ Kxf7 16. Rf1+ Kg8 17. Be3 Qh4 0-1